[Event "Gausdal Bygger'n Masters"]
[Site "Gausdal NOR"]
[Date "2005.10.07"]
[Round "7.23"]
[White "Strand, Haakon"]
[Black "Getz, Nicolai"]
[Result "0-1"]
[WhiteElo "1986"]
[BlackElo "1913"]
[PlyCount "170"]
[EventDate "2005.10.01"]
[EventType "swiss"]
[EventRounds "9"]
[EventCountry "NOR"]
[Source "lmi"]
[SourceDate "2005.10.05"]

1. e4 e6 2. d4 d5 3. e5 c5 4. c3 Nc6 5. Nf3 Qb6 6. Bd3 Nh6 7. Na3 cxd4 8. cxd4
Nf5 9. Nc2 Bd7 10. Be2 Be7 11. O-O O-O 12. g4 Nh6 13. Kh1 Kh8 14. Rg1 Rg8 15.
h4 Qd8 16. Bg5 f6 17. exf6 Bxf6 18. Be3 Be7 19. Bd3 Nf7 20. Rg2 g6 21. Qd2 Kg7
22. Rh2 Bd6 23. Rg2 Qf6 24. Ng5 h6 25. Nxf7 Qxh4+ 26. Kg1 Kxf7 27. Bf4 Bxf4 28.
Qxf4+ Qf6 29. Qe3 g5 30. Rg3 Ke7 31. Rf3 Qg7 32. Re1 Rae8 33. Bb5 Kd8 34. Bxc6
Bxc6 35. Qa3 a6 36. Rc3 Kd7 37. Re5 Qe7 38. Nb4 Rc8 39. Qa5 Qd8 40. Qa3 Qb6 41.
Nd3 Kc7 42. Nc5 Rce8 43. Nxe6+ Kb8 44. Qd6+ Ka7 45. Rb3 Rxe6 46. Rxe6 Qxd4 47.
Rb4 Qd1+ 48. Kh2 Qc2 49. Qg3 Rf8 50. Qe3+ Ka8 51. Kg1 a5 52. Rd4 Qxb2 53. Qd2
Qxd2 54. Rxd2 Rf4 55. Rxh6 Rxg4+ 56. Kh2 Ka7 57. Kh3 Rg1 58. Rg6 a4 59. Kh2 Rg4
60. f3 Rf4 61. Rd3 Rf5 62. Kg3 Re5 63. Rg7 Kb6 64. Kg4 Kc5 65. Rxg5 Re2 66. f4
Rxa2 67. f5 Kc4 68. Rd1 a3 69. Kg3 Re2 70. f6 Re8 71. Rf5 Rf8 72. Ra1 Kb4 73.
Rf4+ d4 74. Rxd4+ Kc3 75. Rf4 Kb2 76. Rff1 a2 77. Rae1 Bd5 78. Rf2+ Ka3 79.
Re3+ Bb3 80. Re1 b5 81. Kh4 b4 82. Ra1 Bf7 83. Kg5 b3 84. Re1 b2 85. Re3+ Bb3
0-1

[Event "Gausdal Bygger'n Masters"]
[Site "Gausdal NOR"]
[Date "2005.10.07"]
[Round "7.24"]
[White "Breivik, Lars"]
[Black "Westerinen, Heikki M.J"]
[Result "1/2-1/2"]
[WhiteElo "2236"]
[BlackElo "2410"]
[PlyCount "113"]
[EventDate "2005.10.01"]
[EventType "swiss"]
[EventRounds "9"]
[EventCountry "NOR"]
[Source "lmi"]
[SourceDate "2005.10.05"]

1. d4 d5 2. Nf3 Nf6 3. e3 Bf5 4. c4 e6 5. Qb3 Nc6 6. c5 Qc8 7. Bb5 Nd7 8. Qa4
Nd8 9. Nc3 c6 10. Be2 e5 11. b4 Ne6 12. b5 Be7 13. bxc6 bxc6 14. Ba6 Qc7 15.
Nxe5 Nexc5 16. dxc5 Qxe5 17. Bd2 Qc7 18. Be2 Nxc5 19. Qd4 O-O 20. Rc1 Qd6 21.
O-O Ne6 22. Qa4 d4 23. Nb1 c5 24. Na3 Be4 25. Rfd1 Bc6 26. Qa6 Bd5 27. Qxd6
Bxd6 28. Nb5 Be7 29. exd4 cxd4 30. Nc7 Nxc7 31. Rxc7 Bf6 32. Be3 Rfe8 33. Kf1
Rad8 34. Bb5 Re4 35. Bc1 Bxa2 36. Rxa7 Bb3 37. Re1 Rxe1+ 38. Kxe1 d3 39. f4 g6
40. Kd2 Rc8 41. Bxd3 Bc3+ 42. Ke3 Re8+ 43. Kf3 Bd1+ 44. Kg3 h5 45. f5 Rd8 46.
Be4 Be5+ 47. Kh3 Bg4+ 48. Kh4 gxf5 49. Ra8 Rxa8 50. Bxa8 Bxh2 51. Bf3 f6 52.
Bxg4 hxg4 53. g3 Bg1 54. Kh5 Kf7 55. Bb2 Bf2 56. Kh4 Kg6 57. Bd4 1/2-1/2

[Event "Gausdal Bygger'n Masters"]
[Site "Gausdal NOR"]
[Date "2005.10.07"]
[Round "7.25"]
[White "Hole, Oystein"]
[Black "Ferkingstad, Sjur"]
[Result "1-0"]
[WhiteElo "2336"]
[BlackElo "2239"]
[PlyCount "97"]
[EventDate "2005.10.01"]
[EventType "swiss"]
[EventRounds "9"]
[EventCountry "NOR"]
[Source "lmi"]
[SourceDate "2005.10.05"]

1. Nf3 f5 2. c4 Nf6 3. g3 g6 4. Bg2 Bg7 5. O-O O-O 6. d4 d6 7. Nc3 Qe8 8. d5
Na6 9. Rb1 c5 10. dxc6 bxc6 11. b4 Bd7 12. a3 Nc7 13. Bb2 Rb8 14. Ba1 a5 15.
Na4 axb4 16. axb4 Ne4 17. Bxg7 Kxg7 18. Nd2 Nxd2 19. Qxd2 Ne6 20. e3 Ng5 21.
Rb2 Nf7 22. Nb6 e5 23. Nxd7 Qxd7 24. e4 fxe4 25. Bxe4 Nh6 26. Rd1 Rf6 27. Qc3
Qc7 28. Rbd2 Nf7 29. Bg2 Rf8 30. c5 d5 31. b5 d4 32. Qc4 cxb5 33. Qxb5 Rb8 34.
Qc4 Nd6 35. Qd5 Nf7 36. c6 Rd8 37. Qc5 Ng5 38. Rb2 Ne6 39. Qa3 Rf7 40. Rb5 Rb8
41. Rb7 Rxb7 42. cxb7 Rf8 43. Rc1 Qb6 44. Qe7+ Rf7 45. Qxe6 Qxe6 46. b8=Q d3
47. Qb2 Rd7 48. Rd1 Qf5 49. f4 1-0

[Event "Gausdal Bygger'n Masters"]
[Site "Gausdal NOR"]
[Date "2005.10.08"]
[Round "8.4"]
[White "Carlsen, Ellen Oen"]
[Black "Agdestein, Emil"]
[Result "0-1"]
[WhiteElo "1866"]
[BlackElo "2057"]
[PlyCount "64"]
[EventDate "2005.10.01"]
[EventType "swiss"]
[EventRounds "9"]
[EventCountry "NOR"]
[Source "lmi"]
[SourceDate "2005.10.05"]

1. e4 d5 2. exd5 Nf6 3. Nf3 Nxd5 4. d4 Bg4 5. Be2 Nc6 6. O-O g6 7. Re1 Bg7 8.
c4 Nb6 9. d5 Bxf3 10. Bxf3 Ne5 11. Na3 O-O 12. Qe2 Re8 13. Be4 e6 14. d6 cxd6
15. Bxb7 Rb8 16. Be4 d5 17. f4 Nexc4 18. Nxc4 Nxc4 19. Bf3 Bxb2 20. Bxb2 Rxb2
21. Qd3 Qb6+ 22. Kh1 Rd2 23. Qb3 Rb8 24. Qc3 Qb2 25. Rec1 a5 26. h3 Qxc3 27.
Rxc3 Rbb2 28. a4 Ra2 29. Rb1 Rxa4 30. Rb8+ Kg7 31. Rcb3 Raa2 32. Ra8 Rdb2 0-1

[Event "Gausdal Bygger'n Masters"]
[Site "Gausdal NOR"]
[Date "2005.10.08"]
[Round "8.5"]
[White "Bentsen, Oyvind"]
[Black "Haugstad, Espen"]
[Result "1-0"]
[WhiteElo "2146"]
[BlackElo "1607"]
[PlyCount "57"]
[EventDate "2005.10.01"]
[EventType "swiss"]
[EventRounds "9"]
[EventCountry "NOR"]
[Source "lmi"]
[SourceDate "2005.10.05"]

1. e4 c5 2. Nf3 d6 3. d4 cxd4 4. Nxd4 Nf6 5. Nc3 g6 6. Be3 Bg7 7. Bb5+ Bd7 8.
Bxd7+ Qxd7 9. f3 Nc6 10. O-O O-O 11. Nce2 Rfc8 12. c3 Ne5 13. Ng3 Nc4 14. Bc1
d5 15. b3 Nb6 16. Bb2 dxe4 17. fxe4 Ng4 18. Qe2 h5 19. h3 Ne5 20. Qe3 Nbc4 21.
bxc4 Nxc4 22. Qf2 Nxb2 23. Qxf7+ Kh8 24. Ndf5 gxf5 25. Nxf5 Bf6 26. Qxh5+ Kg8
27. Nh6+ Kg7 28. Rf4 Qe8 29. Rg4+ 1-0

[Event "Gausdal Bygger'n Masters"]
[Site "Gausdal NOR"]
[Date "2005.10.08"]
[Round "8.6"]
[White "Fossum, Oystein Boyum"]
[Black "Getz, Nicolai"]
[Result "1/2-1/2"]
[WhiteElo "2247"]
[BlackElo "1913"]
[PlyCount "55"]
[EventDate "2005.10.01"]
[EventType "swiss"]
[EventRounds "9"]
[EventCountry "NOR"]
[Source "lmi"]
[SourceDate "2005.10.05"]

1. d4 Nf6 2. c4 e6 3. Nf3 b6 4. g3 Bb7 5. Bg2 d5 6. O-O Bd6 7. b3 O-O 8. Nc3
Nbd7 9. Bb2 a6 10. Nd2 Rb8 11. e4 dxe4 12. Ndxe4 Nxe4 13. Nxe4 Be7 14. Re1 Nf6
15. Nxf6+ Bxf6 16. Bxb7 Rxb7 17. Qf3 Qc8 18. Qc6 Rd8 19. Rad1 Rd6 20. Qe4 c6
21. Ba3 Rd8 22. Rd3 Rbd7 23. Red1 g6 24. Bc1 Qb7 25. Be3 b5 26. Qf3 Be7 27. Qg2
f5 28. h4 1/2-1/2

[Event "Gausdal Bygger'n Masters"]
[Site "Gausdal NOR"]
[Date "2005.10.08"]
[Round "8.7"]
[White "Bentsen, Hakon"]
[Black "Hammer, Jon Ludvig"]
[Result "1-0"]
[WhiteElo "2158"]
[BlackElo "2278"]
[PlyCount "65"]
[EventDate "2005.10.01"]
[EventType "swiss"]
[EventRounds "9"]
[EventCountry "NOR"]
[Source "lmi"]
[SourceDate "2005.10.05"]

1. e4 e5 2. Nf3 Nf6 3. Nxe5 d6 4. Nf3 Nxe4 5. d4 d5 6. Bd3 Nc6 7. O-O Be7 8. c4
Nb4 9. Be2 O-O 10. Nc3 Bf5 11. a3 Nxc3 12. bxc3 Nc6 13. Re1 Re8 14. Bf4 Rc8 15.
Ne5 Nxe5 16. Bxe5 c6 17. Qb3 Qa5 18. Qxb7 dxc4 19. Bxc4 Qxc3 20. Ba2 Bg6 21.
Qxa7 Ra8 22. Qd7 Bxa3 23. Rad1 Kh8 24. Bxf7 Bxf7 25. Qxf7 Rg8 26. d5 Qc2 27. d6
Bb2 28. Bxb2 Qxb2 29. d7 Qf6 30. Qxg8+ Rxg8 31. Re8 Qd8 32. Rxd8 Rxd8 33. Re1
1-0

[Event "Gausdal Bygger'n Masters"]
[Site "Gausdal NOR"]
[Date "2005.10.08"]
[Round "8.8"]
[White "Thomassen, Thomas"]
[Black "White, Kevin"]
[Result "1-0"]
[WhiteElo "2077"]
[BlackElo "2069"]
[PlyCount "113"]
[EventDate "2005.10.01"]
[EventType "swiss"]
[EventRounds "9"]
[EventCountry "NOR"]
[Source "lmi"]
[SourceDate "2005.10.05"]

1. Nf3 Nf6 2. c4 g6 3. Nc3 Bg7 4. e4 O-O 5. d4 c6 6. Qb3 d6 7. Be2 e5 8. dxe5
dxe5 9. O-O Qc7 10. Bg5 Na6 11. Qa3 Re8 12. b4 h6 13. Bxf6 Bxf6 14. c5 b5 15.
Nxb5 cxb5 16. Bxb5 Re6 17. Bc4 Rc6 18. Bd5 Rb8 19. Rab1 Nxb4 20. Rxb4 Rxb4 21.
Qxb4 Rxc5 22. Qd2 Kg7 23. Rb1 Ba6 24. h3 Rc2 25. Qe3 Rc3 26. Qd2 Be7 27. Bb3
Bd3 28. Re1 Bb4 29. Qb2 Rxb3 30. Qxb3 Bxe1 31. Qxd3 Qc1 32. Qf1 Bd2 33. Qxc1
Bxc1 34. Nxe5 Ba3 35. Kf1 Kf6 36. Nd3 h5 37. Ke2 g5 38. Ke3 Bd6 39. g3 Ke6 40.
f4 h4 41. gxh4 gxh4 42. f5+ Kf6 43. Kf3 Kg5 44. e5 Bb8 45. Ke4 Bc7 46. Ne1 Ba5
47. Nf3+ Kh5 48. Kd5 Bb4 49. Kc6 Bc3 50. e6 fxe6 51. fxe6 Kg6 52. Nxh4+ Kf6 53.
Kd7 Bb4 54. a4 a5 55. Ng6 Kxg6 56. e7 Bxe7 57. Kxe7 1-0

[Event "Gausdal Bygger'n Masters"]
[Site "Gausdal NOR"]
[Date "2005.10.08"]
[Round "8.9"]
[White "Svensen, Tarjei J"]
[Black "Reppen, Sigmund"]
[Result "0-1"]
[WhiteElo "2112"]
[BlackElo "1916"]
[PlyCount "78"]
[EventDate "2005.10.01"]
[EventType "swiss"]
[EventRounds "9"]
[EventCountry "NOR"]
[Source "lmi"]
[SourceDate "2005.10.05"]

1. d4 d5 2. c4 e6 3. Nc3 Be7 4. cxd5 exd5 5. Bf4 Nf6 6. Nf3 c6 7. Qc2 O-O 8. h3
Re8 9. e3 Nbd7 10. Bd3 Nf8 11. g4 Ng6 12. O-O-O Be6 13. Kb1 b5 14. Ne5 Qb6 15.
Bg3 a5 16. f4 Nf8 17. f5 Bd7 18. Rdg1 a4 19. g5 Ne4 20. Bxe4 dxe4 21. f6 Bd8
22. fxg7 Kxg7 23. Qf2 Be6 24. Nxe4 b4 25. Nd6 Re7 26. Qf6+ Kg8 27. Ng4 Bxg4 28.
hxg4 Rea7 29. Qh6 a3 30. Be5 f6 31. gxf6 Qa6 32. f7+ Rxf7 33. Nxf7 Qd3+ 34. Kc1
axb2+ 35. Kxb2 Qd2+ 36. Kb1 Qxa2+ 37. Kc1 Qc4+ 38. Kb1 Qd3+ 39. Kb2 Qc3+ 0-1

[Event "Gausdal Bygger'n Masters"]
[Site "Gausdal NOR"]
[Date "2005.10.08"]
[Round "8.10"]
[White "Sjol, Henrik"]
[Black "Strand, Haakon"]
[Result "1-0"]
[WhiteElo "1656"]
[BlackElo "1986"]
[PlyCount "63"]
[EventDate "2005.10.01"]
[EventType "swiss"]
[EventRounds "9"]
[EventCountry "NOR"]
[Source "lmi"]
[SourceDate "2005.10.05"]

1. Nf3 f5 2. g3 Nf6 3. Bg2 g6 4. d4 Bg7 5. c4 d6 6. Nc3 O-O 7. O-O Nc6 8. d5
Ne5 9. Nxe5 dxe5 10. Qc2 h6 11. e4 e6 12. Be3 g5 13. dxe6 f4 14. Bc5 Bxe6 15.
Bxf8 Bxf8 16. Nd5 Nh5 17. Qe2 g4 18. gxf4 exf4 19. Rad1 Qh4 20. b4 Bd6 21. e5
f3 22. Qe4 fxg2 23. Kxg2 Qh3+ 24. Kg1 Bf8 25. Qg6+ Kh8 26. Nf6 Nxf6 27. Qxf6+
Bg7 28. Qxe6 Rf8 29. Rd7 Qh5 30. Qe7 Rg8 31. Rxc7 Bxe5 32. Qh7# 1-0

[Event "Gausdal Bygger'n Masters"]
[Site "Gausdal NOR"]
[Date "2005.10.08"]
[Round "8.11"]
[White "Urkedal, Frode Olav Olsen"]
[Black "Aarland, Stein Arild"]
[Result "0-1"]
[WhiteElo "2141"]
[BlackElo "2278"]
[PlyCount "96"]
[EventDate "2005.10.01"]
[EventType "swiss"]
[EventRounds "9"]
[EventCountry "NOR"]
[Source "lmi"]
[SourceDate "2005.10.05"]

1. d4 e6 2. Nf3 f5 3. g3 Nf6 4. Bg2 d5 5. O-O Bd6 6. c4 c6 7. Bf4 Bxf4 8. gxf4
O-O 9. Nbd2 Nbd7 10. e3 Qe7 11. Ne5 Nxe5 12. fxe5 Ng4 13. h3 Nh6 14. Rc1 Bd7
15. cxd5 exd5 16. f4 Kh8 17. Rc2 Rg8 18. Qh5 Nf7 19. Nf3 g5 20. fxg5 Nxg5 21.
Nxg5 Rxg5 22. Qf3 Rag8 23. Kh2 Qg7 24. Rff2 Be6 25. Qf4 Rg3 26. b4 Qg6 27. Qh4
Rxe3 28. Rce2 Qg3+ 29. Qxg3 Rgxg3 30. Rxe3 Rxe3 31. Rf3 Re2 32. a3 Rd2 33. Rf4
Rd3 34. a4 Rb3 35. b5 cxb5 36. axb5 Rxb5 37. h4 Kg7 38. Rf2 a5 39. Ra2 b6 40.
Rc2 a4 41. Bf3 a3 42. Be2 Rb2 43. Rxb2 axb2 44. Bd3 f4 45. Kg2 Bf7 46. Bb1 Bg6
47. Ba2 Be4+ 48. Kf2 b5 0-1

[Event "Gausdal Bygger'n Masters"]
[Site "Gausdal NOR"]
[Date "2005.10.08"]
[Round "8.12"]
[White "Gilbert, Jessie"]
[Black "Aandal, Kristian"]
[Result "1-0"]
[WhiteElo "2148"]
[BlackElo "1941"]
[PlyCount "85"]
[EventDate "2005.10.01"]
[EventType "swiss"]
[EventRounds "9"]
[EventCountry "NOR"]
[Source "lmi"]
[SourceDate "2005.10.05"]

1. d4 Nf6 2. c4 c5 3. d5 Ne4 4. Qc2 Qa5+ 5. Nd2 Nd6 6. b3 g6 7. Bb2 Rg8 8. Bc3
Qc7 9. e4 b5 10. cxb5 a6 11. b6 Qxb6 12. Nc4 Nxc4 13. bxc4 d6 14. Rb1 Qc7 15.
Bd3 Bg7 16. f4 Bxc3+ 17. Qxc3 Nd7 18. Nf3 a5 19. O-O Ba6 20. e5 f5 21. exd6
Qxd6 22. Ng5 h6 23. Ne6 Kf7 24. Rb3 a4 25. Rb2 Nf6 26. Rfb1 Rgb8 27. Qe5 Qxe5
28. fxe5 Rxb2 29. Rxb2 Nxd5 30. cxd5 Bxd3 31. Nxc5 Bc4 32. Rd2 Rd8 33. d6 exd6
34. exd6 Bb5 35. Kf2 Kf6 36. a3 Ke5 37. d7 Kf6 38. Rd6+ Kf7 39. Ke3 g5 40. Kd4
Ke7 41. Rxh6 Bxd7 42. Rh7+ Ke8 43. Nxd7 1-0

[Event "Gausdal Bygger'n Masters"]
[Site "Gausdal NOR"]
[Date "2005.10.08"]
[Round "8.14"]
[White "Ferkingstad, Sjur"]
[Black "Kvisla, Johannes Luangtep"]
[Result "1-0"]
[WhiteElo "2239"]
[BlackElo "2123"]
[PlyCount "119"]
[EventDate "2005.10.01"]
[EventType "swiss"]
[EventRounds "9"]
[EventCountry "NOR"]
[Source "lmi"]
[SourceDate "2005.10.05"]

1. e4 c6 2. d4 d5 3. exd5 cxd5 4. c4 Nf6 5. Nc3 Nc6 6. Nf3 Be6 7. c5 g6 8. Bb5
Bg7 9. O-O O-O 10. Bxc6 bxc6 11. Ne5 Qc7 12. Re1 Rfe8 13. b4 Nd7 14. Bf4 Qb7
15. Rb1 Nxe5 16. Bxe5 f6 17. Bg3 Bf5 18. Rb3 e5 19. f3 exd4 20. Qxd4 Rxe1+ 21.
Bxe1 Re8 22. Bf2 Bc2 23. Rb2 f5 24. Qd2 Bxc3 25. Qxc3 Ba4 26. h4 Qe7 27. Rb1
Qg7 28. Bd4 Qe7 29. Bf2 Qg7 30. Qd2 Bb5 31. Bd4 Qf7 32. Ba1 Qe7 33. Qb2 Qe3+
34. Kh2 d4 35. Qxd4 Qxd4 36. Bxd4 a6 37. Kg3 Re2 38. a3 Kf7 39. Bc3 Rc2 40. Ba1
Rd2 41. Re1 Ba4 42. Be5 Rd1 43. Re3 Rd8 44. Kf4 Bb5 45. Bd6 Re8 46. Rxe8 Kxe8
47. Ke5 Kf7 48. Bc7 Ke7 49. Kf4 Kf7 50. Bd8 h5 51. Ke5 Ba4 52. Kd6 Bb5 53. Bg5
Ba4 54. Kc7 Bb5 55. Kb6 Ke6 56. Ka5 Kd7 57. a4 Bc4 58. Kb6 Bd3 59. b5 cxb5 60.
Kb7 1-0

[Event "Gausdal Bygger'n Masters"]
[Site "Gausdal NOR"]
[Date "2005.10.08"]
[Round "8.15"]
[White "Lie, Terje"]
[Black "Bjorgvik, Jan Arne"]
[Result "1-0"]
[WhiteElo "1178"]
[BlackElo "2119"]
[PlyCount "149"]
[EventDate "2005.10.01"]
[EventType "swiss"]
[EventRounds "9"]
[EventCountry "NOR"]
[Source "lmi"]
[SourceDate "2005.10.05"]

1. d4 d5 2. c4 e6 3. Nc3 Nf6 4. cxd5 exd5 5. Bg5 Nbd7 6. e3 Be7 7. Qc2 c6 8.
Bd3 h6 9. Bh4 Nf8 10. f3 Ne6 11. Nge2 b6 12. O-O O-O 13. Kh1 Bb7 14. Rad1 Rc8
15. e4 dxe4 16. fxe4 Ng4 17. Bf2 Bg5 18. Bg1 Be3 19. Rf3 Bxg1 20. Kxg1 Nxd4 21.
Nxd4 Qxd4+ 22. Kh1 Ne3 23. Qf2 Qd6 24. Qxe3 Qb4 25. Qd2 Rcd8 26. a3 Qe7 27. Re1
Rd7 28. Qe3 c5 29. Rg3 Qh4 30. Bb1 Re8 31. h3 Qf6 32. Rf3 Qe5 33. Rf5 Qd6 34.
Ba2 Rde7 35. Bb1 Qg6 36. Qf4 Qe6 37. Ba2 c4 38. Bb1 a6 39. Rd1 b5 40. Kh2 Rd7
41. Rxd7 Qxd7 42. Re5 Rd8 43. Nd5 Bxd5 44. Rxd5 Qe7 45. Rxd8+ Qxd8 46. e5 Qd1
47. Qe4 g6 48. Qc2 Qd4 49. Qe2 Qf4+ 50. g3 Qc1 51. Be4 c3 52. bxc3 Qxc3 53. Bd5
Qc7 54. e6 fxe6 55. Qxe6+ Kg7 56. Qg8+ Kf6 57. Qe6+ Kg7 58. Qxa6 Qc2+ 59. Bg2
Qb2 60. Qd6 Qe2 61. Qd4+ Kf7 62. h4 h5 63. Kh3 Qe6+ 64. Kh2 Qe2 65. Qd7+ Kf6
66. Kh3 Qc4 67. Qc6+ Kf5 68. Qxc4 bxc4 69. Bd5 c3 70. Bb3 Ke5 71. Bc2 Kd4 72.
Bxg6 Kc4 73. Bc2 Kb5 74. g4 hxg4+ 75. Kxg4 1-0

[Event "Gausdal Bygger'n Masters"]
[Site "Gausdal NOR"]
[Date "2005.10.08"]
[Round "8.16"]
[White "Harstad, Christian"]
[Black "Johansson, Per"]
[Result "1/2-1/2"]
[WhiteElo "2078"]
[BlackElo "2005"]
[PlyCount "94"]
[EventDate "2005.10.01"]
[EventType "swiss"]
[EventRounds "9"]
[EventCountry "NOR"]
[Source "lmi"]
[SourceDate "2005.10.05"]

1. d4 d5 2. Nf3 Nf6 3. e3 c6 4. Bd3 Bg4 5. Nbd2 Nbd7 6. b3 e5 7. dxe5 Nxe5 8.
Be2 Nxf3+ 9. gxf3 Bf5 10. Bb2 Bd6 11. Nf1 Qe7 12. Ng3 Bd7 13. Qd3 Be5 14. c3 g6
15. f4 Bd6 16. Rd1 O-O-O 17. b4 Rhe8 18. a3 Bc7 19. O-O h5 20. Rfe1 h4 21. Nf1
Bf5 22. Qd4 Bb6 23. Qe5 Qxe5 24. fxe5 Ng4 25. c4 dxc4 26. Bxc4 Rxd1 27. Rxd1
Be6 28. Be2 h3 29. Ng3 Bc7 30. Ne4 Nxe5 31. Nc5 f5 32. Nxe6 Rxe6 33. Rd4 g5 34.
Rd2 b5 35. f4 gxf4 36. Bxe5 Rxe5 37. exf4 Bb6+ 38. Kf1 Re4 39. Rc2 Rxf4+ 40.
Ke1 Kd7 41. Rc3 Rh4 42. Bf1 f4 43. Bxh3+ Kd6 44. Bg2 c5 45. Rd3+ Ke6 46. bxc5
Bxc5 47. h3 a5 1/2-1/2

[Event "Gausdal Bygger'n Masters"]
[Site "Gausdal NOR"]
[Date "2005.10.08"]
[Round "8.17"]
[White "Silseth, Simon"]
[Black "Breivik, Lars"]
[Result "1-0"]
[WhiteElo "2328"]
[BlackElo "2236"]
[PlyCount "95"]
[EventDate "2005.10.01"]
[EventType "swiss"]
[EventRounds "9"]
[EventCountry "NOR"]
[Source "lmi"]
[SourceDate "2005.10.05"]

1. c4 e5 2. Nc3 Bb4 3. Nf3 Bxc3 4. bxc3 d6 5. g3 e4 6. Nd4 Nf6 7. Bg2 O-O 8.
O-O Re8 9. d3 c5 10. Nc2 exd3 11. Qxd3 Nc6 12. Bf4 Ne5 13. Bxe5 dxe5 14. Qxd8
Rxd8 15. Rfd1 Bf5 16. Ne3 Be4 17. Nd5 Bxd5 18. Bxd5 Rd7 19. e4 Rb8 20. Rab1 Kf8
21. f3 Ne8 22. Rd2 Nd6 23. Rdb2 b6 24. a4 Nb7 25. Rf2 Na5 26. f4 Re8 27. f5 Rd6
28. Kg2 Ke7 29. g4 Rh8 30. Rf3 Rh6 31. Kg3 Rf8 32. h4 Rd6 33. g5 h6 34. Rbf1
Ke8 35. f6 g6 36. gxh6 Rh8 37. Rd3 Kf8 38. Kh3 Rxh6 39. Rg3 Ke8 40. Rg5 Rh5 41.
Kg4 Rh7 42. Rxe5+ Kd8 43. Rg5 Kc7 44. e5 Rd8 45. Rh1 Nc6 46. h5 Rdh8 47. hxg6
Rxh1 48. Bxh1 1-0

[Event "Gausdal Bygger'n Masters"]
[Site "Gausdal NOR"]
[Date "2005.10.08"]
[Round "8.18"]
[White "Pettersen, Joar Gullestad"]
[Black "Nilsen, Jarle"]
[Result "1-0"]
[WhiteElo "2050"]
[BlackElo "1632"]
[PlyCount "122"]
[EventDate "2005.10.01"]
[EventType "swiss"]
[EventRounds "9"]
[EventCountry "NOR"]
[Source "lmi"]
[SourceDate "2005.10.05"]

1. e4 d6 2. d4 g6 3. Nc3 Bg7 4. f4 Nc6 5. Nf3 Nf6 6. Be2 O-O 7. O-O Bg4 8. Be3
a6 9. e5 dxe5 10. fxe5 Nd5 11. Nxd5 Qxd5 12. c3 Rad8 13. h3 Bxf3 14. Bxf3 Qb5
15. Qc2 Na5 16. Bg5 f6 17. Be2 Qb6 18. exf6 exf6 19. Bh4 Kh8 20. Rae1 Qd6 21.
Rf3 Rde8 22. Bg3 Qd7 23. Rff1 Bh6 24. Bd3 f5 25. Be5+ Bg7 26. Bf4 Nc6 27. Qb3
Nxd4 28. Qxb7 Rxe1 29. Rxe1 Ne6 30. Rxe6 Qxe6 31. Qxc7 Qe1+ 32. Kh2 g5 33. Bg3
Qe3 34. Bd6 g4 35. hxg4 fxg4 36. Bxa6 Qe6 37. Qc5 Ra8 38. Bc4 Qf6 39. Qd5 Re8
40. a3 Qf2 41. Bg3 Qf8 42. Qg5 Re4 43. Bd3 Ra4 44. Qh5 h6 45. Qg6 Kg8 46. Bc2
Ra5 47. Qh7+ Kf7 48. Bb3+ Kf6 49. Bh4+ Rg5 50. Qc2 g3+ 51. Kh1 Qc5 52. Qe4 Qd6
53. Qf3+ Ke7 54. Qf7+ Kd8 55. Bxg5+ hxg5 56. Qxg7 Kc8 57. Qg8+ Kc7 58. Qf7+ Kb8
59. Qg8+ Ka7 60. Qf7+ Kb8 61. Qe6 Qf4 1-0

[Event "Gausdal Bygger'n Masters"]
[Site "Gausdal NOR"]
[Date "2005.10.08"]
[Round "8.19"]
[White "Karlsson, Lars"]
[Black "Hansen, Torbjorn Ringdal"]
[Result "1/2-1/2"]
[WhiteElo "2501"]
[BlackElo "2323"]
[PlyCount "53"]
[EventDate "2005.10.01"]
[EventType "swiss"]
[EventRounds "9"]
[EventCountry "NOR"]
[Source "lmi"]
[SourceDate "2005.10.05"]

1. Nf3 Nf6 2. g3 c5 3. c4 g6 4. b3 Bg7 5. Bb2 b6 6. Bg2 Bb7 7. O-O O-O 8. d3
Nc6 9. e4 d6 10. Nbd2 Ne8 11. Bxg7 Nxg7 12. Ne1 Nd4 13. f4 f5 14. Ndf3 e5 15.
exf5 Ngxf5 16. Nxd4 Bxg2 17. Nxg2 Nxd4 18. fxe5 Qg5 19. Rxf8+ Rxf8 20. exd6
Nf3+ 21. Kh1 Qh6 22. Nh4 Nxh4 23. gxh4 Qxh4 24. Qe2 Qf6 25. Re1 Qxd6 26. Rf1
Rxf1+ 27. Qxf1 1/2-1/2

[Event "Gausdal Bygger'n Masters"]
[Site "Gausdal NOR"]
[Date "2005.10.08"]
[Round "8.21"]
[White "Akesson, Ralf"]
[Black "Myhrvold, Rune"]
[Result "1-0"]
[WhiteElo "2486"]
[BlackElo "2164"]
[PlyCount "40"]
[EventDate "2005.10.01"]
[EventType "swiss"]
[EventRounds "9"]
[EventCountry "NOR"]
[Source "lmi"]
[SourceDate "2005.10.05"]

1. d4 d5 2. c4 dxc4 3. Nf3 Nf6 4. e3 e6 5. Bxc4 c5 6. O-O a6 7. Bb3 Nc6 8. Nc3
Qc7 9. Qe2 Bd6 10. dxc5 Bxc5 11. e4 Ng4 12. g3 O-O 13. Bf4 e5 14. Nd5 Qd6 15.
Bd2 a5 16. Rac1 Nd4 17. Nxd4 Bxd4 18. Rxc8 Raxc8 19. Qxg4 b6 20. Bg5 Ra8 1-0

[Event "Gausdal Bygger'n Masters"]
[Site "Gausdal NOR"]
[Date "2005.10.08"]
[Round "8.22"]
[White "Burmakin, Vladimir"]
[Black "Kulaots, Kaido"]
[Result "1/2-1/2"]
[WhiteElo "2508"]
[BlackElo "2558"]
[PlyCount "21"]
[EventDate "2005.10.01"]
[EventType "swiss"]
[EventRounds "9"]
[EventCountry "NOR"]
[Source "lmi"]
[SourceDate "2005.10.05"]

1. d4 Nf6 2. c4 e6 3. Nf3 b6 4. g3 Ba6 5. b3 Bb4+ 6. Bd2 Be7 7. Bg2 c6 8. Bc3
d5 9. Nbd2 Nbd7 10. O-O O-O 11. Qc2 1/2-1/2

[Event "Gausdal Bygger'n Masters"]
[Site "Gausdal NOR"]
[Date "2005.10.08"]
[Round "8.23"]
[White "Hauchard, Arnaud"]
[Black "Dobrov, Vladimir"]
[Result "0-1"]
[WhiteElo "2483"]
[BlackElo "2515"]
[PlyCount "74"]
[EventDate "2005.10.01"]
[EventType "swiss"]
[EventRounds "9"]
[EventCountry "NOR"]
[Source "lmi"]
[SourceDate "2005.10.05"]

1. c4 c6 2. Nf3 d5 3. e3 Nf6 4. Nc3 a6 5. b3 Bg4 6. Be2 Nbd7 7. h3 Bxf3 8. Bxf3
Ne5 9. Be2 e6 10. Bb2 d4 11. Na4 c5 12. O-O Rb8 13. exd4 cxd4 14. c5 g5 15. Re1
Ng6 16. Rc1 Bg7 17. Rc4 Nd5 18. Bxd4 Bxd4 19. Rxd4 Qf6 20. Re4 Rd8 21. c6 bxc6
22. Bxa6 h5 23. Qc2 g4 24. Qxc6+ Kf8 25. hxg4 hxg4 26. Rxg4 Kg7 27. Nc5 Ndf4
28. Ne4 Qe5 29. Qc3 Rd4 30. f3 Nd5 31. Qa1 Qh2+ 32. Kf1 e5 33. Nf2 Ndf4 34. Qc3
Rh4 35. Bb7 f5 36. Rg5 Kh6 37. Rxg6+ Kxg6 0-1

[Event "Gausdal Bygger'n Masters"]
[Site "Gausdal NOR"]
[Date "2005.10.08"]
[Round "8.24"]
[White "Hole, Oystein"]
[Black "Brynell, Stellan"]
[Result "1/2-1/2"]
[WhiteElo "2336"]
[BlackElo "2496"]
[PlyCount "84"]
[EventDate "2005.10.01"]
[EventType "swiss"]
[EventRounds "9"]
[EventCountry "NOR"]
[Source "lmi"]
[SourceDate "2005.10.05"]

1. Nf3 Nf6 2. c4 b6 3. g3 Bb7 4. Bg2 e6 5. O-O Be7 6. Nc3 O-O 7. Re1 d5 8. cxd5
Nxd5 9. e4 Nxc3 10. bxc3 Nc6 11. d4 Na5 12. Qd3 c5 13. Bf4 cxd4 14. cxd4 Rc8
15. Rac1 Qd7 16. d5 Bb4 17. Red1 Rxc1 18. Rxc1 exd5 19. Ne5 Qe7 20. exd5 g5 21.
Qf5 gxf4 22. Nd7 f6 23. Nxf8 Kxf8 24. Qxf4 Bd6 25. Qf5 b5 26. Qb1 a6 27. Re1
Qf7 28. Re6 Nc4 29. Qf5 Bc8 30. Qxf6 Bxe6 31. Qh6+ Qg7 32. Qxe6 Qa1+ 33. Bf1
Qe5 34. Qc8+ Kg7 35. Bxc4 bxc4 36. Qxc4 a5 37. Qg4+ Kf6 38. Qh4+ Kg6 39. Qg4+
Kf6 40. Qh4+ Kg7 41. Qg4+ Kf7 42. Qd7+ Kg6 1/2-1/2